| 000 | 00680cam a22002413a 4500 | ||
|---|---|---|---|
| 001 | 7076 | ||
| 003 | PGUSA | ||
| 005 | 20140828083140.0 | ||
| 008 | 041201s2004||||xxu|||||s|||||000 | eng d | ||
| 040 |
_aPGUSA _beng |
||
| 042 | _adc | ||
| 050 | 4 | _aBL | |
| 100 | 1 |
_aFoote, G. W. _q(George William), _d1850-1915 |
|
| 245 | 1 | 0 |
_aPrisoner for Blasphemy _h[electronic resource] / _cG. W. Foote |
| 260 |
_bProject Gutenberg, _c2004 |
||
| 506 | _aPublic domain in the USA. | ||
| 516 | _aElectronic text | ||
| 653 | _aBlasphemy | ||
| 653 | _aTrials (Blasphemy) -- Great Britain | ||
| 830 | 0 |
_aProject Gutenberg _v7076 |
|
| 856 | 4 | 0 | _uhttp://www.gutenberg.org/ebooks/7076 |
| 942 | _cEB | ||
| 999 |
_c236396 _d236396 |
||